Estatísticas para Territórios da Antártida-Bandeiras

Clique aqui para jogar o quiz

Estatísticas Gerais

  • Esse quiz foi jogado 9 vezes
  • A pontuação média é 2 de 7

Estatísticas das Respostas

Resposta% Correto
Terras Austrais e Antárticas Francesas
75%
Território Antártico Britânico
50%
Território Antártico Argentino
25%
Território Antártico Australiano
25%
Território Antártico Chileno
25%
Território Antártico Norueguês
25%
Território Antártico Neozelandês
0%

Distribuição das Pontuações

Percentil de Números Respondidos

Porcentagem de Pessoas com Cada Pontuação

Sua Pontuação Histórica

Você não jogou esse quiz